British Puddings by Images - Statistics

General Stats
  • This quiz has been taken 35 times
  • The average score is 8 of 16
Answer Stats
Picture Answer % Correct
Christmas Pudding
93%
Trifle
90%
Bread and butter Bread and butter pudding
83%
Spotted dick
80%
Eton Mess
73%
Rice pudding
67%
Jam roly poly
63%
Sticky toffee pudding
60%
Apple crumble
57%
Summer pudding
57%
Treacle sponge pudding
37%
Eves pudding
27%
Sussex pond pudding
23%
Queen of Puddings
20%
Malvern pudding
3%
Waldorf pudding
3%
No matching quizzes found
Score Distribution
Percent of People with Each Score
Percentile by Number Answered
Your Score History
You have not taken this quiz